| 000 | 00506cam a2200205ua 4500 | ||
|---|---|---|---|
| 020 | _c16.00 | ||
| 041 |
_aeng _h |
||
| 082 |
_a510.1 _bGEA/MA |
||
| 100 | _aGeary, A . | ||
| 245 |
_aMathematics for higher national certificate / _cA Geary. _hTextual Documents |
||
| 250 |
_a1 / _b. |
||
| 260 |
_aLondon : _bLongman Green and Co , _c1957. |
||
| 300 | _a336 ; . | ||
| 365 | _a16.00 | ||
| 504 | _a | ||
| 700 | 1 | _aHauden, H A . | |
| 700 | 1 | _aLowry, H V . | |
| 942 | _cBK | ||
| 999 |
_c9499 _d9499 |
||